Miami Heat NBA All-Stars - Statistics

General Stats
  • This quiz has been taken 2,574 times
    353 since last reset
  • The average score is 9 of 12
Answer Stats
Players Selections Last % Correct
Dwyane Wade 12 2019
99%
LeBron James 4 2014
98%
Chris Bosh 6 2016
96%
Jimmy Butler 2 2022
93%
Bam Adebayo 3 2024
92%
Tyler Herro 1 2025
91%
Shaquille O'Neal 2 2007
86%
Alonzo Mourning 5 2002
85%
Norman Powell 1 2026
57%
Tim Hardaway 2 1998
56%
Goran Dragic 1 2018
50%
Anthony Mason 1 2001
17%
No matching quizzes found
Score Distribution
Percent of People with Each Score
Percentile by Number Answered
Your Score History
You have not taken this quiz since the last reset